Еврейские имена - Армагеддон - Statistics

General Stats
  • This quiz has been taken 83 times
  • The average score is 3 of 15
Answers on the Grid
Answers color-coded by a green-red scale on the quiz's grid according to % correct below.
Василий
Родион
Альберт
Иосиф
Архип
Савелий
Яков
Джудит
Хлоя
Никифор
Павел
Никита
Иван
Авраам
Фаина
Наум
Матвей
Глафира
Терентий
Александр
Леонард
Гавриил
Фёдор
Игнат
Рудольф
Семён
Тихон
Марк
Спиридон
Орест
Порфирий
Феофан
Сильвия
Ева
Кирилл
Филат
Михаил
Степан
Сидор
Евдокия
Кристина
Ипполит
Рафаэль
Евстафий
Феоктист
Нинель
Даниил
Ефросинья
Трофим
Мариам
 
Answer Stats
Answer % Correct
Иосиф
67%
Яков
51%
Авраам
35%
Наум
23%
Иван
16%
Джудит
14%
Семён
14%
Савелий
9%
Гавриил
9%
Матвей
7%
Ева
7%
Михаил
7%
Мариам
7%
Даниил
5%
Рафаэль
2%
No matching quizzes found
Score Distribution
Percent of People with Each Score
Percentile by Number Answered
Your Score History
You have not taken this quiz